| 000 | 01245cam a2200373 a 4500 | ||
|---|---|---|---|
| 001 | 000093029 | ||
| 003 | CHAP | ||
| 005 | 20220817044004.0 | ||
| 008 | 050201d2001 mx r 10100 spa d | ||
| 010 | _a89495 | ||
| 011 | _a90467 | ||
| 035 | _a101023 | ||
| 040 | _cCHAP | ||
| 082 | 0 | 4 |
_a630.711 _bC8 |
| 111 | 0 | 0 |
_aCurso Taller Diseño Curricular y Análisis del Perfil Agrícola _d(2001 : _cChapingo, Méx.) _930691 |
| 245 | 1 | 0 |
_aAntología _c/por Instituto Interamericano de Cooperación para la Agricultura y UACH. |
| 260 |
_aChapingo, Mex. : _bUACH, _c2001. |
||
| 300 | _ac.a. 200 h. | ||
| 590 |
_aBATCH-UPD _b10 _c20130110 _lUCH01 _h0631 |
||
| 590 |
_aBATCH-UPD _b10 _c20130410 _lUCH01 _h0314 |
||
| 590 |
_aBATCH-UPD _b10 _c20130914 _lUCH01 _h0839 |
||
| 590 |
_aBATCH-UPD _b10 _c20190826 _lUCH01 _h0950 |
||
| 590 |
_aCONVERSION _b10 _c20130109 _lUCH01 _h1350 |
||
| 590 |
_aE11695DGD _b10 _c20150604 _lUCH01 _h1117 |
||
| 590 |
_aE5765TAJ _b05 _c20150603 _lUCH01 _h1109 |
||
| 650 | 1 | 4 |
_aCapacitación. _918690 |
| 650 | 1 | 4 |
_aEducación agrícola _xFormación de profesores. _935519 |
| 710 | 0 | _aInstituto Interamericano de Cooperación para la Agricultura. | |
| 710 | 0 | _aUACH. | |
| 901 | _aBK | ||
| 905 | _aLilia | ||
| 942 | _cLIBRO | ||
| 942 | _n0 | ||
| 999 |
_c89495 _d89495 |
||